Tendenzen zeitgenössischer Architektur /

Salvato in:
Dettagli Bibliografici
Autore principale: Cejka, Jan (Autore)
Natura: Libro
Lingua:tedesco
Pubblicazione: Stuttgart : W. Kohlhammer GmbH, 1993
Edizione:1. vydanie
Soggetti:
Tags: Aggiungi Tag
Nessun Tag, puoi essere il primo ad aggiungerne!!

MARC

LEADER 00000nam a22000003a 4500
001 0115850
003 SK-STU
005 20250609090904.4
007 ta
008 250609s ----xo-----e------000-0-----d
020 |a 3-17-012219-3 
040 |a STU  |b slo 
041 0 |a ger 
044 |a gw 
100 1 |a Cejka, Jan  |4 aut 
245 1 0 |a Tendenzen zeitgenössischer Architektur /  |c aut. Jan Cejka 
250 |a 1. vydanie 
260 |a Stuttgart :  |b W. Kohlhammer GmbH,  |c 1993 
300 |a 136 s. 
650 0 7 |a romantizmus 
650 0 7 |a postmoderna 
650 0 7 |a moderna 
650 0 7 |a High-tech 
650 0 7 |a 20. storočie 
650 0 7 |a dejiny architektúry 
650 0 7 |a architektúra 70. rokov 
650 0 7 |a 80. roky 20. storočia 
996 |b 284AU10422  |c A* 13611/U  |l AAKNAR  |s A  |a 24  |w 0115850_0001